| 000 | 01286nam a22002535a 4500 | ||
|---|---|---|---|
| 003 | OSt | ||
| 005 | 20180123124402.0 | ||
| 008 | 180123s2011 ua frb 000 0 ara d | ||
| 040 |
_aEG-ScBUE _bara _cEG-ScBUE |
||
| 043 | _af-ua--- | ||
| 082 | 0 | 4 |
_a346.62048 _bإ ب ر _222 |
| 100 | 1 |
_aإبراهيم، خالد ممدوح. _941109 |
|
| 245 | 1 | 0 |
_aحقوق الملكية الفكرية : _bالملكية الصناعية - الملكية الأدبية والفنية - برامج الكمبيوتر - الأصناف النباتية الجديدة - أسماء الدومين - الحماية الحدودية / _cخالد ممدوح إبراهيم. |
| 260 |
_aالقاهرة : _bنادي القضاة، _c2011. |
||
| 300 |
_a759 ص. ؛ _c24 سم. |
||
| 504 | _aيشتمل على إرجاعات ببليوجرافية. | ||
| 541 |
_aد. أحمد حمد ؛ _cإهداء ؛ |
||
| 650 | 7 |
_aحقوق التأليف والنشر _xقوانين وتشريعات _zمصر. _2BUEsh _941044 |
|
| 650 | 7 |
_aحقوق التأليف والنشر _xالنسخ الإلكتروني _xقوانين وتشريعات _zمصر. _2BUEsh |
|
| 650 | 7 |
_aالملكية الصناعية _xقوانين وتشريعات _zمصر. _2BUEsh |
|
| 651 | _2BUEsh | ||
| 653 |
_bLLAAWW _cJanuary2018 |
||
| 942 | _2ddc | ||
| 999 |
_c25999 _d25971 |
||